| 000 | 00478nam a2200205Ia 4500 | ||
|---|---|---|---|
| 003 | STCL | ||
| 008 | 221019s9999 xx 000 0 und d | ||
| 020 |
_a9788131608289 _qHardbound |
||
| 040 |
_aSTCL _cSTCL _bEN |
||
| 082 | _222 | ||
| 100 | _aFortune, Anne E | ||
| 100 | _aReid, William J | ||
| 245 | 0 | _aResearch in social work | |
| 250 | _a3 | ||
| 260 |
_bRawat _aNew Delhi _c2017 |
||
| 300 | _axiii, 524 p | ||
| 365 | _b1795 | ||
| 546 | _aEnglish | ||
| 942 |
_cBK _2DDC _e22 |
||
| 999 |
_c87737 _d87737 |
||